000 00309nam a22001457a 4500
020 _a81-300-0645-6
082 _a894.812.3
_bMAD/B
100 _aMADHAVIKUTTY
245 _aBHUDHANILAVU
260 _aKOZHIKODE
_bPOORNAPUBLICATIONS
_c2017
300 _a180
520 _aNOVEL
650 _aNOVEL
942 _cBK
999 _c4937
_d4937